[Event "MCR_O189"]
[Site "?"]
[Date "2004.??.??"]
[Round "?"]
[White "Petricek, Jiri"]
[Black "Kudr, Roman"]
[Result "0-1"]
[WhiteElo "1876"]
[BlackElo "1857"]
[PlyCount "38"]
[EventDate "2004.??.??"]
[EventType "corr"]
[EventRounds "2"]
[SourceDate "2005.03.12"]

{Petricek vystoupil z turnaje} 1. e4 e5 2. Nf3 Nc6 3. Bb5 f5 4. Nc3 fxe4 5.
Nxe4 Nf6 6. Nxf6+ Qxf6 7. Qe2 d6 8. O-O Bg4 9. Bxc6+ bxc6 10. d4 Bxf3 11. gxf3
Be7 12. dxe5 dxe5 13. Re1 Bd6 14. Qc4 Qxf3 15. Bf4 O-O-O 16. Bxe5 Rhf8 17. Qe6+
Kb7 18. Qb3+ Qxb3 19. axb3 Bxe5 0-1

[Event "MCR_O189"]
[Site "?"]
[Date "2004.??.??"]
[Round "?"]
[White "Petricek, Jiri"]
[Black "Lucan, Zdenko"]
[Result "0-1"]
[WhiteElo "1876"]
[BlackElo "1800"]
[PlyCount "22"]
[EventDate "2004.??.??"]
[EventType "corr"]
[EventRounds "2"]
[SourceDate "2005.03.12"]

{Petricek vystoupil z turnaje} 1. e4 Nf6 2. e5 Nd5 3. d4 d6 4. Nf3 Bg4 5. Be2
e6 6. Bg5 Be7 7. Bxe7 Qxe7 8. c4 Nf4 9. Qb3 b6 10. Bf1 O-O 11. Nbd2 d5 0-1

[Event "MCR_O189"]
[Site "?"]
[Date "2004.??.??"]
[Round "?"]
[White "Petricek, Jiri"]
[Black "Vins, Karel"]
[Result "0-1"]
[WhiteElo "1876"]
[BlackElo "1800"]
[PlyCount "30"]
[EventDate "2004.??.??"]
[EventType "corr"]
[EventRounds "2"]
[SourceDate "2005.03.12"]

{Petricek vystoupil z turnaje} 1. d4 d5 2. Nf3 Nf6 3. c4 c6 4. Nc3 e6 5. Ne5
dxc4 6. e3 b5 7. e4 Bd6 8. Nxf7 Kxf7 9. Bg5 h6 10. Bh4 g6 11. Bg3 Bxg3 12. hxg3
Qg8 13. e5 Nd5 14. Qf3+ Ke7 15. Ne4 Qf8 0-1

[Event "MCR_O189"]
[Site "?"]
[Date "2004.??.??"]
[Round "?"]
[White "Vins, Karel"]
[Black "Cvak, Rudolf"]
[Result "0-1"]
[WhiteElo "1800"]
[BlackElo "1835"]
[PlyCount "66"]
[EventDate "2004.??.??"]
[EventType "corr"]
[EventRounds "2"]
[SourceDate "2005.03.12"]

1. e4 c5 2. Nf3 Nc6 3. d4 cxd4 4. Nxd4 Nf6 5. Nc3 e5 6. Ndb5 d6 7. Bg5 a6 8.
Na3 b5 9. Nd5 Be7 10. Bxf6 Bxf6 11. c3 O-O 12. Nc2 Rb8 13. b4 Ne7 14. Nxf6+
gxf6 15. Ne3 f5 16. exf5 Nxf5 17. Nxf5 Bxf5 18. Bd3 e4 19. Be2 Qg5 20. g3 Bh3
21. Qd2 Qe5 22. Qd4 Rbc8 23. Qxe5 dxe5 24. Rc1 Be6 25. a3 f5 26. Kd2 f4 27.
gxf4 exf4 28. Rhg1+ Kf7 29. a4 Rfd8+ 30. Ke1 f3 31. Bf1 Rc7 32. Rg5 Bb3 33. Bh3
Rc6 0-1

[Event "MCR_O189"]
[Site "?"]
[Date "2004.??.??"]
[Round "?"]
[White "Vins, Karel"]
[Black "Hampl, Bohumil"]
[Result "1/2-1/2"]
[WhiteElo "1800"]
[BlackElo "2001"]
[PlyCount "68"]
[EventDate "2004.??.??"]
[EventType "corr"]
[EventRounds "2"]
[SourceDate "2005.03.12"]

1. e4 e5 2. Nf3 Nf6 3. Nxe5 d6 4. Nf3 Nxe4 5. d4 d5 6. Bd3 Nc6 7. O-O Bg4 8. c3
f5 9. Nbd2 Be7 10. Be2 O-O 11. h3 Bh5 12. Nh2 Bxe2 13. Qxe2 Re8 14. Nxe4 dxe4
15. f4 Qd5 16. Be3 Rad8 17. b3 Bf6 18. Rad1 Rd7 19. Rd2 Nd8 20. c4 Qf7 21. g3
c6 22. Rfd1 b6 23. d5 c5 24. a4 Nb7 25. h4 Nd6 26. Rc2 Qg6 27. Qg2 Nb7 28. Nf1
Na5 29. Rb1 Bd4 30. Kf2 Rde7 31. Ke1 Qf6 32. Kd1 a6 33. Qe2 Nb7 34. Ra2 Bc3
1/2-1/2

[Event "MCR_O189"]
[Site "?"]
[Date "2004.??.??"]
[Round "?"]
[White "Vins, Karel"]
[Black "Jedlicka, Roman"]
[Result "1/2-1/2"]
[WhiteElo "1800"]
[BlackElo "1800"]
[PlyCount "72"]
[EventDate "2004.??.??"]
[EventType "corr"]
[EventRounds "2"]
[SourceDate "2005.03.12"]

1. e4 e6 2. d4 d5 3. Nd2 c5 4. exd5 exd5 5. Bb5+ Nc6 6. dxc5 Bxc5 7. c3 Bxf2+
8. Kxf2 Qb6+ 9. Ke1 Qxb5 10. Qe2+ Qxe2+ 11. Nxe2 Nge7 12. Nf3 O-O 13. Kf2 Bg4
14. Be3 Ng6 15. Rhe1 Nce5 16. Rad1 Be6 17. Ned4 Bg4 18. h3 Bxf3 19. Nxf3 Nxf3
20. Kxf3 Rfd8 21. Rd2 Ne5+ 22. Kf2 Nc4 23. Rde2 Nxe3 24. Rxe3 f6 25. Rd1 Rac8
26. Re7 Rb8 27. Rd4 Kf8 28. Rc7 Rd6 29. c4 Rc6 30. Rxc6 bxc6 31. b3 Rb4 32. Ke3
dxc4 33. bxc4 a5 34. g4 Ra4 35. Rd6 Rxc4 36. Kd3 Rc1 1/2-1/2

[Event "MCR_O189"]
[Site "?"]
[Date "2004.??.??"]
[Round "?"]
[White "Vins, Karel"]
[Black "Kudr, Roman"]
[Result "0-1"]
[WhiteElo "1800"]
[BlackElo "1857"]
[PlyCount "84"]
[EventDate "2004.??.??"]
[EventType "corr"]
[EventRounds "2"]
[SourceDate "2005.03.12"]

1. e4 e5 2. Nf3 Nc6 3. Bc4 Nf6 4. d3 Be7 5. O-O O-O 6. Nc3 d6 7. h3 Na5 8. Bb3
Nxb3 9. axb3 c6 10. Ne2 Qc7 11. c4 Bd7 12. Be3 a6 13. Qc2 Rfc8 14. d4 c5 15. d5
Rcb8 16. Nh2 Nh5 17. g4 Nf6 18. f4 exf4 19. Bxf4 Re8 20. Ng3 h6 21. Rae1 Nh7
22. Nf3 Bg5 23. Bxg5 Nxg5 24. Nxg5 hxg5 25. Qf2 Rf8 26. Nf5 Rae8 27. Qf3 Bxf5
28. exf5 Qd8 29. Qc3 b5 30. Re3 Rxe3 31. Qxe3 Re8 32. Qc3 Qe7 33. Rf2 Qe1+ 34.
Kg2 Qd1 35. Rd2 Re2+ 36. Rxe2 Qxe2+ 37. Kg1 b4 38. Qg3 Qxb2 39. Qxd6 Qxb3 40.
Qd8+ Kh7 41. d6 Qg3+ 42. Kf1 b3 0-1

[Event "MCR_O189"]
[Site "?"]
[Date "2004.??.??"]
[Round "?"]
[White "Vins, Karel"]
[Black "Lucan, Zdenko"]
[Result "1/2-1/2"]
[WhiteElo "1800"]
[BlackElo "1800"]
[PlyCount "72"]
[EventDate "2004.??.??"]
[EventType "corr"]
[EventRounds "2"]
[SourceDate "2005.03.12"]

1. e4 e5 2. Nf3 Nc6 3. Bc4 d6 4. d4 exd4 5. Nxd4 Ne5 6. Be2 Be7 7. Nc3 Nf6 8.
h3 c5 9. Nf3 Nxf3+ 10. Bxf3 O-O 11. Nd5 Nxd5 12. exd5 b6 13. O-O Bg5 14. c4
Bxc1 15. Rxc1 a5 16. a4 Bd7 17. b3 Qg5 18. Kh2 Rae8 19. Re1 Rxe1 20. Qxe1 Re8
21. Qd1 Qe5+ 22. Kg1 f6 23. Qd2 g5 24. Rc3 Qe1+ 25. Qxe1 Rxe1+ 26. Kh2 Rf1 27.
Kg3 f5 28. Bh5 f4+ 29. Kf3 Kg7 30. Bg4 Bxg4+ 31. hxg4 Kf6 32. g3 Ke5 33. gxf4+
gxf4 34. Ke2 Rh1 35. Rd3 Rh2 36. Kf3 Rh3+ 1/2-1/2

[Event "MCR_O189"]
[Site "?"]
[Date "2004.??.??"]
[Round "?"]
[White "Vins, Karel"]
[Black "Petricek, Jiri"]
[Result "1-0"]
[WhiteElo "1800"]
[BlackElo "1876"]
[PlyCount "33"]
[EventDate "2004.??.??"]
[EventType "corr"]
[EventRounds "2"]
[SourceDate "2005.03.12"]

{Petricek vystoupil z turnaje} 1. e4 e5 2. Nf3 Nc6 3. Bc4 d6 4. d4 exd4 5. Nxd4
Ne5 6. Qe2 Bg4 7. f3 Qh4+ 8. g3 Nxf3+ 9. Nxf3 Qe7 10. Nc3 Bxf3 11. Qxf3 O-O-O
12. Bxf7 Nf6 13. Bd5 Re8 14. Bg5 c6 15. Bb3 h6 16. Bxf6 gxf6 17. O-O-O 1-0